Hertha BSC players (2010-2020) - Statistics

General Stats
  • This quiz has been taken 5 times
  • The average score is 49 of 98
Answer Stats
Rank Player Positions Nationality Matches Goals (assists) Period % Correct
9 Adrián Ramos ST 128 48 (29) 2010-2014
100%
1 Fabian Lustenberger CB 210 2 (6) 2010-2019
100%
11 John Brooks CB 119 7 (2) 2012-2017
100%
18 Levan Kobiashvili LB 89 7 (5) 2010-2014
100%
6 Marvin Plattenhardt LB 147 6 (24) 2014-2020
100%
40 Mathew Leckie LW 51 7 (2) 2017-2020
100%
19 Maximilian Mittelstädt LB 77 2 (8) 2015-2020
100%
12 Niklas Stark CB 117 6 (3) 2015-2020
100%
98 Pál Dárdai DM 1 0 (0) 2010-2011
100%
76 Palkó Dárdai RW 9 0 (0) 2017-2019
100%
2 Per Ciljan Skjelbred CM 179 2 (12) 2013-2020
100%
4 Peter Pekarík RB 152 1 (11) 2012-2020
100%
14 Ronny AM 112 27 (25) 2010-2016
100%
3 Rune Jarstein GK 156 0 (0) 2013-2020
100%
5 Salomon Kalou LW 151 48 (15) 2014-2020
100%
22 Sandro Wagner ST 71 7 (2) 2012-2015
100%
7 Thomas Kraft GK 143 0 (0) 2011-2016, 2017-2020
100%
33 Valentino Lazaro RM 57 5 (12) 2017-2019
100%
25 Valentin Stocker LW 68 8 (12) 2014-2018
100%
8 Vedad Ibisevic ST 138 45 (20) 2015-2020
100%
13 Vladimír Darida CM 115 10 (14) 2015-2020
100%
23 Änis Ben-Hatira RW 70 14 (11) 2011-2015
80%
51 Dodi Lukébakio RW 30 7 (6) 2019-2020
80%
36 Hajime Hosogai DM 53 0 (2) 2013-2015
80%
69 Krzysztof Piatek ST 15 4 (1) 2019-2020
80%
74 Matheus Cunha CF 11 5 (2) 2019-2020
80%
24 Mitchell Weiser RB 70 5 (11) 2015-2018
80%
47 Patrick Ebert RW 38 1 (6) 2010-2012
80%
31 Raffael CF 61 16 (15) 2010-2012
80%
54 Dedryck Boyata CB 28 4 (1) 2019-2020
60%
17 Genki Haraguchi AM 91 4 (8) 2014-2018
60%
70 Johnny Heitinga CB 13 1 (0) 2014-2015
60%
38 Jordan Torunarigha CB 52 5 (2) 2016-2020
60%
32 Ondrej Duda CM 59 12 (7) 2016-2020
60%
56 Rob Friend ST 25 5 (6) 2010-2011
60%
21 Roman Hubnik CB 74 7 (1) 2010-2013
60%
78 Santiago Ascacíbar DM 8 0 (1) 2019-2020
60%
72 Sascha Burchert GK 12 0 (0) 2010-2013, 2014-2015
60%
46 Tolga Ciğerci DM 39 1 (5) 2013-2016
60%
63 Tunay Torun RW 20 4 (0) 2011-2012
60%
62 Alfredo Morales CM 20 1 (0) 2010-2013
40%
68 Allan DM 15 0 (0) 2016-2017
40%
55 Andreas Ottl DM 26 0 (1) 2011-2012
40%
41 Andre Mijatovic CB 47 2 (2) 2010-2012
40%
34 Arne Maier CM 56 0 (1) 2016-2020
40%
29 Christian Lell RB 61 1 (8) 2010-2012
40%
92 Daishawn Redan ST 1 0 (0) 2019-2020
40%
20 Davie Selke ST 76 14 (14) 2017-2020
40%
87 Dennis Smarsch GK 2 0 (0) 2019-2020
40%
85 Florian Baak CB 3 0 (0) 2016-2017, 2018-2019
40%
42 Jens Hegeler CM 46 1 (1) 2014-2017
40%
44 Julian Schieber ST 43 10 (3) 2014-2018
40%
86 Lazar Samardžić AM 3 0 (0) 2019-2020
40%
49 Lukas Klünter RB 33 0 (2) 2018-2020
40%
59 Maikel Aerts GK 24 0 (0) 2010-2011
40%
30 Marcel Ndjeng RM 61 5 (7) 2012-2015
40%
97 Marius Gersbeck GK 1 0 (0) 2013-2014
40%
39 Marko Grujić DM 51 9 (2) 2018-2020
40%
35 Nikita Rukavytsya ST 56 5 (16) 2010-2013
40%
52 Peer Kluge DM 29 3 (8) 2012-2014
40%
10 Peter Niemeyer DM 121 9 (5) 2010-2015
40%
28 Pierre-Michel Lasogga ST 64 22 (10) 2010-2013
40%
26 Sami Allagui ST 67 16 (8) 2012-2015, 2016-2017
40%
48 Alexander Baumjohann AM 33 1 (6) 2013-2014, 2015-2016
20%
37 Alexander Esswein ST 52 4 (4) 2016-2018, 2019-2020
20%
91 Andreas Neuendorf CM 1 0 (0) 2010-2011
20%
65 Ben Sahar ST 18 2 (1) 2012-2013
20%
50 Christoph Janker CB 32 0 (1) 2010-2014
20%
93 Daniel Beichler CF 1 0 (0) 2012-2013
20%
83 Derrick Luckassen CB 4 0 (0) 2018-2019
20%
79 Eduard Löwen CM 7 0 (0) 2019-2020
20%
88 Elias Kachunga ST 2 0 (0) 2012-2013
20%
60 Fabian Holland LB 23 0 (1) 2011-2014
20%
57 Fanol Perdedaj CM 24 0 (1) 2010-2012
20%
58 Felix Bastians CB 24 0 (1) 2011-2013
20%
66 Hany Mukhtar AM 17 0 (0) 2012-2014
20%
45 Javairô Dilrosun LW 40 6 (6) 2018-2020
20%
84 Jessic Ngankam ST 4 0 (1) 2019-2020
20%
43 Johannes van den Bergh LB 45 0 (2) 2013-2016
20%
95 Julius Kade CM 1 0 (0) 2016-2017
20%
96 Kaká CB 1 0 (0) 2010-2011
20%
27 Karim Rekik CB 64 3 (3) 2017-2020
20%
67 Maik Franz CB 16 0 (0) 2011-2013
20%
73 Marco Djuricin ST 11 2 (0) 2010-2012
20%
61 Marius Wolf RB 21 1 (3) 2019-2020
20%
77 Marvin Knoll CB 8 1 (0) 2010-2011, 2012-2013
20%
16 Nico Schulz LB 93 2 (7) 2010-2011, 2012-2016
20%
89 Philip Sprint GK 2 0 (0) 2012-2013
20%
53 Roy Beerens RW 29 4 (1) 2014-2016
20%
15 Sebastian Langkamp CB 106 1 (1) 2013-2018
20%
90 Sinan Kurt LW 2 0 (0) 2016-2017
20%
81 Yanni Regäsel DM 6 0 (0) 2015-2016
20%
82 Dennis Jastrzembski LW 5 0 (0) 2018-2019
0%
94 Florian Kohls CM 1 0 (0) 2015-2016
0%
80 Marco Sejna GK 7 0 (0) 2010-2011
0%
75 Pascal Köpke ST 11 0 (1) 2018-2020
0%
71 Sebastian Neumann CB 13 0 (0) 2010-2012
0%
64 Valeri Domovchiyski ST 20 5 (1) 2010-2011
0%
No matching quizzes found
Score Distribution
Percent of People with Each Score
Percentile by Number Answered
Your Score History
You have not taken this quiz